Southville International School and Colleges
Your cart is empty.
  • Cart
  • Lists
    Public lists Eva Luna New books Lux_list list_1
    Your lists Log in to create your own lists
  • Log in to your account
  • Your cookies
  • Search history
Southville International School and Colleges
  • Advanced search
  • Recent comments
  • Most popular
  • Libraries

Log in to your account

Log in with GOOGLE


If you do not have an external account, but do have a local account, you can still log in:

  1. Home
  2. MARC view: The familiar /
Normal view MARC view ISBD view

The familiar / (Record no. 110621)

[ view plain ]
MARC details
000 -LEADER
fixed length control field 00461nam a2200181 a 4500
001 - CONTROL NUMBER
control field 1975
005 - DATE AND TIME OF LATEST TRANSACTION
control field 20140414131900.0
008 - FIXED-LENGTH DATA ELEMENTS--GENERAL INFORMATION
fixed length control field 041223s19uu xx 00 eng d
020 ## - INTERNATIONAL STANDARD BOOK NUMBER
International Standard Book Number 0-439-11515-9
050 ## - LIBRARY OF CONGRESS CALL NUMBER
Classification number FIC
Item number Ap2 2002
100 ## - MAIN ENTRY--PERSONAL NAME
Personal name Applegate, K. A.
245 ## - TITLE STATEMENT
Title The familiar /
Statement of responsibility, etc K. A. Applegate.
260 ## - PUBLICATION, DISTRIBUTION, ETC. (IMPRINT)
Place of publication, distribution, etc New York :
Name of publisher, distributor, etc Scholastic ,
Date of publication, distribution, etc 2002.
300 ## - PHYSICAL DESCRIPTION
Extent 143 p. ; cm.
440 ## - SERIES STATEMENT/ADDED ENTRY--TITLE
Title Animorphs
650 ## - SUBJECT ADDED ENTRY--TOPICAL TERM
Topical term or geographic name as entry element Adventures
General subdivision Fiction.
Holdings
Withdrawn status Lost status Damaged status Use restrictions Home library Current library Shelving location Date acquired Source of acquisition Total Checkouts Full call number Barcode Date last seen Price effective from Koha item type
        Munich Library Munich Library Fiction Section 12/23/2004     FIC Ap2 2002 M1075 04/14/2014 04/14/2014 Books

The familiar /

APA

Applegate K. A., . (2002). The familiar. New York: Scholastic.

Chicago

Applegate K A, . 2002. The familiar. New York: Scholastic.

Harvard

Applegate K. A., . (2002). The familiar. New York: Scholastic.

MLA

Applegate K A, . The familiar. New York: Scholastic. 2002.

  • Place hold
  • Print
  • Cite
  • Add to your cart (remove)
  • Save record
    BIBTEX Dublin Core MARCXML MARC (non-Unicode/MARC-8) MARC (Unicode/UTF-8) MARC (Unicode/UTF-8, Standard) MODS (XML) RIS
  • More searches
    Search for this title in:
    Other Libraries (WorldCat) Other Databases (Google Scholar) Online Stores (Bookfinder.com) Open Library (openlibrary.org)

Exporting to Dublin Core...

SOUTHVILLE LIBRARY

Southville International School and Colleges Library

1281 Tropical Ave. Cor. Luxembourg St., BF Homes International, Las Pinas City

Tel. No. 8256374 / 252358 Loc. 117/146

Powered by Koha